| 000 | 00714cam a22002531 4500 | ||
|---|---|---|---|
| 001 | sa 64004821 | ||
| 003 | DLC | ||
| 005 | 20260227112028.0 | ||
| 008 | 741223s1964 ii 000 0 eng | ||
| 010 | _asa 64004821 | ||
| 015 | _aGB64-15764 | ||
| 035 | _a(OCoLC)1122293 | ||
| 040 |
_aDLC _cOCU _dUk _dDLC |
||
| 042 | _apremarc | ||
| 050 | 0 | 0 |
_aCB19 _b.M76 |
| 051 |
_aCB19 _b.M76 1964a _cAnother issue. Published in New York. |
||
| 082 | _a301.2 | ||
| 100 | 1 |
_aMukerjee, Radhakamal, _d1889- |
|
| 245 | 1 | 4 | _aThe destiny of civilization. |
| 260 |
_aBombay, _aNew York, _bAsia Pub. House _c[1964] |
||
| 300 |
_aix, 233 p. _c23 cm. |
||
| 504 | _aBibliography: p.[219]-225. | ||
| 650 | 0 |
_aCivilization _xPhilosophy. |
|
| 999 |
_c58773 _d58773 |
||